00450pab a2200181 454500008004000000100001600040245006000056260000900116300001400125362000800139650001100147650001900158650001200177650001200189700002100201700001700222773002900239180718b2004 xxu||||| |||| 00| 0 eng d aFahey, Tony aHousing expenditures and income poverty in EU countries c2004 ap.437-54. aJul aIncome aEuropean union aHousing aPoverty aMaitre, Bertrand aNolan, Brian aJournal of Social Policy